|
|
|
|
| LEADER |
00000nam a2200000 a 4500 |
| 001 |
vtls001067569 |
| 003 |
SK-MaSNL |
| 005 |
20260413122115.0 |
| 008 |
250414s1991 xo 0 slo |
| 015 |
|
|
|a SNBA1992/04
|
| 020 |
|
|
|a 8071341363
|q (brož.)
|
| 035 |
|
|
|a SNK000010399
|
| 040 |
|
|
|a SNK
|b slo
|c SNK
|e AACR2
|
| 041 |
0 |
|
|a slo
|
| 044 |
|
|
|a xo
|c SK
|
| 080 |
|
|
|a 820 (73)-1(087.5)
|2 1981
|
| 100 |
1 |
|
|a Mac Cue, Dick
|4 aut
|9 375672
|
| 245 |
1 |
0 |
|a Náš Rony je hravý. Veľmi rád sa baví
|c Dick Mac Cue, Lisa Mac Cue ; Tomáš Janovic, Lisa Mac Cue
|
| 250 |
|
|
|a 1. vyd.
|
| 260 |
|
|
|a Bratislava
|b EGMONT ČSFR, spol. s r.o.
|c 1991
|e Erlangen
|f Pestalozzi-Verlag
|
| 300 |
|
|
|a 14 s.
|c 16 cm
|
| 500 |
|
|
|a Sadzba: Neografia, Martin.
|
| 700 |
1 |
|
|a Mac Cue, Lisa
|4 aut
|9 375673
|
| 700 |
1 |
|
|a Janovic, Tomáš,
|d 1937-2023
|4 trl
|9 103580
|
| 700 |
1 |
|
|a Mac Cue, Lisa
|4 bkd
|9 375673
|
| 852 |
|
|
|a Slovenská národná knižnica
|
| 919 |
|
|
|a 80-7134-136-3
|
| 954 |
|
|
|a rečňovanky
|a leporelá
|
| 958 |
|
|
|a LX
|
| 958 |
|
|
|a BQ
|
| 958 |
|
|
|a DB
|
| 958 |
|
|
|a TL
|
| 958 |
|
|
|a UP
|
| 999 |
|
|
|c 790939
|d 792869
|
| 952 |
|
|
|t P60, <04>, [BOOK], {604}
|a SNK
|b SNK
|y VYP
|7 0
|p 17A0350004
|o snkSD 64076 D1
|i snkKSP 2128/92
|0 0
|1 0
|4 0
|d 2002-09-02
|l 0
|r 2004-12-31 00:00:00
|w 2026-02-24
|
| 952 |
|
|
|a SNK
|b SNK
|y PREZ
|7 0
|p 17A1044692
|o snkSD 64076
|0 0
|1 0
|4 0
|d 2013-08-21
|l 0
|r 2026-02-24 01:35:56
|w 2026-02-24
|